000 00591nam a2200205Ia 4500
005 20250508162242.0
008 008 250505s9999 xx 000 0 eng d
020 _a0-02-424200-4
037 _aTextual
040 _aFEDL
_beng
_cFEDL
041 _aeng
_2eng
084 _a301.15, WAL
_qFEDL
100 _aWalsh Huber M.
_9764987
245 0 _aIntroducting the young child to the : Social world
260 _aNew York, USA
_bMacmillan Publishing Company
_c1980
300 _axi,283p.
650 _aSociology
942 _cTEXL
_h301.15, WAL
999 _c1375378
_d1375378